[Event "Bad Woerishofen op"]
[Site "?"]
[Date "2000.??.??"]
[Round "6"]
[White "Lutzenberger, Reimund"]
[Black "Karpatchev, Alexandre"]
[Result "0-1"]
[WhiteElo "2255"]
[BlackElo "2453"]
[PlyCount "130"]
[EventDate "2000.??.??"]

1. e4 c5 2. Nf3 g6 3. c3 d5 4. exd5 Qxd5 5. d4 Bg7 6. Be2 Nf6 7. c4 Qd8 8. d5
e6 9. Nc3 exd5 10. cxd5 O-O 11. O-O b6 12. Bg5 h6 13. Bh4 Bb7 14. Bc4 a6 15. a4
Nbd7 16. Qb3 g5 17. Bg3 Nh5 18. Bd6 Re8 19. Rfe1 Qf6 20. Bc7 Nf4 21. Nd2 Qf5
22. Nde4 Bd4 23. Bxf4 Qxf4 24. Re2 Re5 25. Rf1 Rae8 26. g3 Qf3 27. Qc2 b5 28.
axb5 Nb6 29. Nd2 Rxe2 30. Nxe2 Rxe2 31. Bxe2 Qxe2 32. bxa6 Bxa6 33. Qd1 Qd3 34.
Re1 Nxd5 35. Nb3 Qc4 36. Nxd4 cxd4 37. Re4 Bb7 38. Rxd4 Qc6 39. f3 Kg7 40. Re4
Nf6 41. Re3 Qb6 42. Qb3 Qd4 43. Qc3 Qd1+ 44. Re1 Qd6 45. g4 Kh7 46. Qc2+ Kg8
47. Qc3 Nd7 48. Re8+ Nf8 49. Re3 Ne6 50. Qf6 Qd1+ 51. Kf2 Ba6 52. Rxe6 Qf1+ 53.
Ke3 Qe2+ 54. Kd4 Qxb2+ 55. Kc5 Qb5+ 56. Kd6 Qb6+ 57. Ke5 Qxe6+ 58. Qxe6 fxe6
59. Kxe6 Bb7 60. Kf5 Kg7 61. f4 Bc8+ 62. Ke4 Bxg4 63. fxg5 hxg5 64. h4 gxh4 65.
Kf4 Bd7 0-1

[Event "Bad Woerishofen op"]
[Site "?"]
[Date "2000.??.??"]
[Round "8"]
[White "Lutzenberger, Reimund"]
[Black "Valent, Peter"]
[Result "1-0"]
[WhiteElo "2255"]
[BlackElo "2065"]
[PlyCount "105"]
[EventDate "2000.??.??"]

1. e4 b6 2. d4 Bb7 3. Bd3 Nf6 4. Qe2 e6 5. Nf3 d5 6. e5 Ne4 7. Nbd2 Nxd2 8.
Bxd2 c5 9. c3 Be7 10. h4 h6 11. a3 Qc8 12. b4 Ba6 13. Rh3 Bxd3 14. Qxd3 Qa6 15.
b5 c4 16. Qb1 Qa4 17. h5 a6 18. bxa6 Rxa6 19. Rg3 Kf8 20. Ra2 Nd7 21. Bc1 Qb3
22. Qa1 Qa4 23. Ke2 Ra5 24. Nd2 Rb5 25. Rb2 Rxb2 26. Qxb2 Bg5 27. Nf1 Qb3 28.
Qxb3 cxb3 29. Kd1 Bxc1 30. Kxc1 f6 31. f4 Kf7 32. Kb2 Ra8 33. Ne3 b5 34. Kxb3
f5 35. Rf3 g6 36. hxg6+ Kxg6 37. Rg3+ Kf7 38. Rh3 Kg6 39. Nc2 Nb6 40. Kb4 Nc4
41. Kxb5 Rb8+ 42. Kc6 Rb2 43. Nb4 Rxg2 44. Kd7 Rg4 45. Nd3 Nxa3 46. Kxe6 Nb5
47. Kd7 Nxc3 48. e6 Ne4 49. e7 Nf6+ 50. Ke6 Ne8 51. Ne5+ Kg7 52. Nxg4 fxg4 53.
Rh4 1-0

[Event "Bad Woerishofen op"]
[Site "Bad Woerishofen"]
[Date "2000.??.??"]
[Round "1"]
[White "Maahs, Erich"]
[Black "Seifert, Frank"]
[Result "1-0"]
[WhiteElo "2205"]
[BlackElo "1788"]
[PlyCount "53"]
[EventDate "1998.03.05"]
[Source "ChessBase"]
[SourceDate "1998.04.29"]

1. e4 d6 2. d4 Nf6 3. Nc3 g6 4. Be3 c6 5. h3 Bg7 6. f4 O-O 7. Qf3 Nbd7 8. e5
Ne8 9. Qg3 b5 10. Nf3 b4 11. Ne4 Nb6 12. Bd3 Nd5 13. Bd2 Qb6 14. O-O c5 15.
dxc5 dxc5 16. Qf2 Bh6 17. Nfg5 f6 18. Bc4 Nec7 19. Qh4 Kg7 20. Nf3 Bf5 21. Rae1
Qc6 22. Nf2 Ne6 23. g4 Ndxf4 24. exf6+ exf6 25. Bxf4 Nxf4 26. Re7+ Kh8 27. Qxh6
1-0

[Event "Bad Woerishofen op"]
[Site "?"]
[Date "2000.??.??"]
[Round "3"]
[White "Maahs, Erich"]
[Black "Wallhof, Dieter"]
[Result "0-1"]
[WhiteElo "2205"]
[BlackElo "2060"]
[PlyCount "82"]
[EventDate "2000.??.??"]

1. e4 Nf6 2. e5 Nd5 3. d4 d6 4. c4 Nb6 5. f4 dxe5 6. fxe5 Nc6 7. Be3 Bf5 8. Nc3
e6 9. Nf3 Bg4 10. Qd2 Bb4 11. a3 Be7 12. O-O-O Qd7 13. Ne4 Bf5 14. Nf2 Nb4 15.
axb4 Qa4 16. Qc3 Bxb4 17. b3 Qa5 18. Qb2 Ba3 19. Bd2 Bxb2+ 20. Kxb2 Na4+ 21.
bxa4 Qxa4 22. Rc1 O-O 23. Nh4 Bg6 24. Nxg6 hxg6 25. Ne4 Qc6 26. Bd3 a5 27. Bc3
a4 28. Ka3 Rfd8 29. h4 Ra6 30. Nc5 Rb6 31. Be4 Qe8 32. h5 g5 33. h6 g6 34. h7+
Kh8 35. d5 Qf8 36. d6 cxd6 37. exd6+ f6 38. Rcf1 e5 39. Bxe5 Rdxd6 40. Ka2 Rd2+
41. Ka1 Qxc5 0-1

[Event "Bad Woerishofen op"]
[Site "?"]
[Date "2000.??.??"]
[Round "5"]
[White "Maahs, Erich"]
[Black "Duckstein, Torsten"]
[Result "1/2-1/2"]
[WhiteElo "2205"]
[BlackElo "1842"]
[PlyCount "120"]
[EventDate "2000.??.??"]

1. e4 d5 2. exd5 Qxd5 3. Nc3 Qa5 4. d4 c6 5. Nf3 Bf5 6. Ne5 Nf6 7. g4 Be6 8.
Bc4 Bxc4 9. Nxc4 Qc7 10. Ne5 e6 11. Bf4 Bd6 12. Qf3 Nbd7 13. Nd3 Bxf4 14. Nxf4
O-O-O 15. g5 Nd5 16. Nfxd5 exd5 17. O-O-O Nf8 18. Rhe1 Ne6 19. Re5 Kb8 20. Qg3
Ka8 21. f4 g6 22. Rd3 h6 23. gxh6 Rxh6 24. f5 gxf5 25. Rxf5 Rxh2 26. Qxc7 Rh1+
27. Nd1 Nxc7 28. Rxf7 Nb5 29. b3 Nd6 30. Rf4 a6 31. Kb2 Rg8 32. Nc3 Rh2 33. Rf6
Nb5 34. Nd1 Rh4 35. c3 Rh2+ 36. Rf2 Rxf2+ 37. Nxf2 Rg2 38. Rf3 Ka7 39. Kc2 Nd6
40. Kd3 Ne4 41. Nxe4 dxe4+ 42. Kxe4 Rxa2 43. c4 a5 44. d5 Rd2 45. Ke5 cxd5 46.
cxd5 b5 47. d6 Kb6 48. Rf8 Re2+ 49. Kd5 Rd2+ 50. Ke6 Kc5 51. d7 Kb4 52. Rf5
Rxd7 53. Kxd7 a4 54. bxa4 bxa4 55. Kc6 a3 56. Rf2 Kb3 57. Kb5 a2 58. Rf1 Kb2
59. Kb4 a1=Q 60. Rf2+ Kc1 1/2-1/2

[Event "Bad Woerishofen op"]
[Site "?"]
[Date "2000.??.??"]
[Round "7"]
[White "Maahs, Erich"]
[Black "Born, Bernd-Ludger"]
[Result "1-0"]
[WhiteElo "2205"]
[BlackElo "2056"]
[PlyCount "65"]
[EventDate "2000.??.??"]

1. e4 e6 2. d4 d5 3. Nd2 dxe4 4. Nxe4 Be7 5. Nf3 Nd7 6. Bd3 Ngf6 7. Nxf6+ Nxf6
8. O-O O-O 9. Ne5 c5 10. dxc5 Bxc5 11. Bg5 Be7 12. Qf3 Nd7 13. Bf4 Nxe5 14.
Bxe5 f6 15. Qh5 f5 16. Rad1 Qa5 17. f4 g6 18. Qh6 Bf6 19. Bxf6 Rxf6 20. Bc4 Qc7
21. Rf3 Bd7 22. Rfd3 Bc6 23. b4 Re8 24. c3 Rf7 25. Rd6 Bd5 26. R6xd5 exd5 27.
Bxd5 Kh8 28. Bxf7 Qxf7 29. h3 a5 30. a4 Qe7 31. bxa5 Rc8 32. Kh2 Rxc3 33. Rd7
1-0

[Event "Bad Woerishofen op"]
[Site "?"]
[Date "2000.??.??"]
[Round "2"]
[White "Mainka, Romuald"]
[Black "Bischoff, Dieter"]
[Result "1-0"]
[WhiteElo "2478"]
[BlackElo "2188"]
[PlyCount "45"]
[EventDate "2000.??.??"]

1. e4 c5 2. Nf3 d6 3. c3 Nf6 4. Be2 Nc6 5. d4 cxd4 6. cxd4 Nxe4 7. d5 Qa5+ 8.
Nc3 Nxc3 9. bxc3 Nb8 10. O-O Nd7 11. Rb1 a6 12. Be3 Nc5 13. Nd2 Qc7 14. a4 Bd7
15. Bxc5 Qxc5 16. Rxb7 g6 17. Re1 Qc8 18. Nc4 Kd8 19. Qb3 Bb5 20. Na5 Bd7 21.
Nc6+ Bxc6 22. Qb6+ Ke8 23. dxc6 1-0

[Event "Bad Woerishofen op"]
[Site "?"]
[Date "2000.??.??"]
[Round "4"]
[White "Mainka, Romuald"]
[Black "Medvegy, Nora"]
[Result "1-0"]
[WhiteElo "2478"]
[BlackElo "2275"]
[PlyCount "107"]
[EventDate "2000.??.??"]

1. e4 c5 2. Nf3 e6 3. Nc3 Nc6 4. Bb5 Nd4 5. Nxd4 cxd4 6. Ne2 Qg5 7. Bd3 Qxg2 8.
Ng3 Qh3 9. c3 Bc5 10. b4 Bb6 11. Bb2 dxc3 12. dxc3 Qg2 13. Qc2 Nf6 14. c4 Nh5
15. Bf1 Qf3 16. Rg1 Nf4 17. a4 Rg8 18. h3 Ng6 19. Ra3 Qf4 20. c5 Bc7 21. b5 Qh4
22. Ne2 d6 23. c6 Bb6 24. Bd4 Ba5+ 25. Bc3 Bb6 26. Bd4 Ba5+ 27. Kd1 Qd8 28. Rd3
Qc7 29. Bc3 Bb6 30. Bb4 Bc5 31. Bxc5 dxc5 32. Qxc5 bxc6 33. Rd6 Qb6 34. Rxc6
Qxc5 35. Rxc5 Bb7 36. Nc3 Rd8+ 37. Kc2 Ke7 38. a5 Rc8 39. Rxc8 Rxc8 40. Kb3 Rb8
41. Rg5 h6 42. Rc5 Rc8 43. Kb4 Kd6 44. a6 Bxa6 45. e5+ Nxe5 46. Ne4+ Kd7 47.
bxa6 Nc6+ 48. Ka4 f5 49. Nc3 Kd6 50. Rc4 Rb8 51. Nb5+ Kd5 52. Rc3 e5 53. Bc4+
Ke4 54. Bd3+ 1-0

[Event "Bad Woerishofen op"]
[Site "?"]
[Date "2000.??.??"]
[Round "6"]
[White "Mainka, Romuald"]
[Black "Sandner, Gunter"]
[Result "1-0"]
[WhiteElo "2478"]
[BlackElo "2361"]
[PlyCount "81"]
[EventDate "2000.??.??"]

1. e4 c5 2. Nf3 Nc6 3. Bb5 g6 4. Bxc6 bxc6 5. O-O Bg7 6. Re1 Nh6 7. c3 f6 8. d4
cxd4 9. cxd4 O-O 10. Qc2 Qa5 11. Nbd2 Nf7 12. b3 Qa6 13. a4 d6 14. Ba3 Bd7 15.
Rad1 Rab8 16. h3 Rb7 17. Bb2 Be6 18. Bc3 Rfb8 19. b4 Rc7 20. Ra1 Qc8 21. Qd3
Bd7 22. Nf1 e5 23. Ne3 exd4 24. Nxd4 Qb7 25. Rab1 Re8 26. Nb3 Be6 27. Nd4 Bd7
28. Ba1 Qa8 29. Qc2 a6 30. Nd5 cxd5 31. Qxc7 Bxa4 32. Qa5 Bd7 33. Qxd5 Qb8 34.
b5 axb5 35. Nxb5 Be6 36. Qc6 Rc8 37. Nd4 Qa7 38. Qb7 Qxb7 39. Rxb7 Re8 40. Nxe6
Rxe6 41. Rc1 1-0

[Event "Bad Woerishofen op"]
[Site "?"]
[Date "2000.??.??"]
[Round "8"]
[White "Mainka, Romuald"]
[Black "Paehtz, Thomas"]
[Result "1-0"]
[WhiteElo "2478"]
[BlackElo "2423"]
[PlyCount "47"]
[EventDate "2000.??.??"]

1. e4 g6 2. d4 Bg7 3. Nf3 d6 4. c3 Nf6 5. Bd3 Nbd7 6. O-O e5 7. Re1 O-O 8. Bc2
h6 9. a4 Nh5 10. Na3 Re8 11. a5 exd4 12. cxd4 Nf8 13. d5 a6 14. Nc4 Nd7 15. Bd2
Nhf6 16. Qc1 Kh7 17. Bc3 Ng4 18. Ba4 Bxc3 19. Qxc3 Qf6 20. e5 Ngxe5 21. Nfxe5
dxe5 22. f4 Qxf4 23. Bxd7 Bxd7 24. Rf1 1-0

[Event "Bad Woerishofen op"]
[Site "?"]
[Date "2000.??.??"]
[Round "9"]
[White "Mainka, Romuald"]
[Black "Lerner, Konstantin"]
[Result "1/2-1/2"]
[WhiteElo "2478"]
[BlackElo "2575"]
[PlyCount "32"]
[EventDate "2000.??.??"]

1. e4 c5 2. Nf3 d6 3. Bc4 Nf6 4. d3 g6 5. e5 dxe5 6. Nxe5 e6 7. Qf3 a6 8. Bg5
Be7 9. Nc3 Nbd7 10. Ne4 O-O 11. Nxf6+ Nxf6 12. O-O-O Nd7 13. Bxe7 Qxe7 14. Nxd7
Qxd7 15. d4 cxd4 16. Qf6 Qd8 1/2-1/2

[Event "Bad Woerishofen op"]
[Site "Bad Woerishofen"]
[Date "2000.??.??"]
[Round "1"]
[White "Malzer, Werner"]
[Black "Sprenger, Jan"]
[Result "0-1"]
[WhiteElo "1852"]
[BlackElo "2256"]
[PlyCount "80"]
[EventDate "1998.03.05"]
[Source "ChessBase"]
[SourceDate "1998.04.29"]

1. e4 c5 2. Nf3 Nc6 3. d4 cxd4 4. Nxd4 Nf6 5. Nc3 e5 6. Nxc6 bxc6 7. Bd3 Bc5 8.
O-O O-O 9. Na4 Be7 10. c4 d5 11. cxd5 cxd5 12. exd5 Qxd5 13. Nc3 Qc6 14. Qe2
Bb7 15. f3 Rad8 16. Bb5 Qb6+ 17. Be3 Bc5 18. Bxc5 Qxc5+ 19. Kh1 Rd4 20. Rac1
Qd6 21. Rcd1 Rd8 22. Rxd4 exd4 23. Rd1 a6 24. Bc4 Qc7 25. Qd3 h5 26. Ne2 h4 27.
Ng1 Qc6 28. Qf1 Nh5 29. b3 Qf6 30. Qf2 Nf4 31. Bf1 g5 32. g3 hxg3 33. hxg3 Ng6
34. Bg2 Qh8+ 35. Nh3 g4 36. fxg4 Qxh3+ 37. Kg1 Bxg2 38. Qxg2 Qxg4 39. Rf1 d3
40. Qf2 Rd7 0-1

[Event "Bad Woerishofen op"]
[Site "?"]
[Date "2000.??.??"]
[Round "3"]
[White "Malzer, Werner"]
[Black "Nun, Gottfried"]
[Result "1/2-1/2"]
[WhiteElo "1852"]
[BlackElo "2141"]
[PlyCount "60"]
[EventDate "2000.??.??"]

1. e4 d6 2. d4 g6 3. Be2 Bg7 4. Nf3 Nf6 5. Nc3 O-O 6. O-O c6 7. Bg5 h6 8. Bh4
b5 9. a3 a6 10. Qd2 Kh7 11. Bd3 Nbd7 12. e5 dxe5 13. Nxe5 Nxe5 14. dxe5 Ng4 15.
f4 Qb6+ 16. Kh1 Re8 17. Rae1 h5 18. Ne4 Kg8 19. Ng5 Qc7 20. e6 f6 21. Nf3 Rd8
22. Bg3 f5 23. c3 c5 24. Qc2 c4 25. Bxf5 gxf5 26. Qxf5 Nf6 27. Qg6 Rf8 28. f5
Qc5 29. Ng5 Bb7 30. Be5 Rad8 1/2-1/2

[Event "Bad Woerishofen op"]
[Site "?"]
[Date "2000.??.??"]
[Round "5"]
[White "Malzer, Werner"]
[Black "Fries, Werner"]
[Result "1-0"]
[WhiteElo "1852"]
[BlackElo "1588"]
[PlyCount "79"]
[EventDate "2000.??.??"]

1. e4 c5 2. Nf3 a6 3. d4 cxd4 4. Nxd4 Nf6 5. Nc3 b5 6. a3 Bb7 7. Bd3 d6 8. O-O
e5 9. Nf5 h6 10. Be3 g6 11. Ng3 Qc7 12. f4 Nbd7 13. Qf3 Bg7 14. Rad1 O-O-O 15.
Bxb5 Nc5 16. Bd3 d5 17. exd5 Nxd5 18. Nxd5 Bxd5 19. Qf2 exf4 20. Bxc5 fxg3 21.
Bxa6+ Bb7 22. Bxb7+ Kxb7 23. hxg3 f5 24. Qf3+ Qc6 25. Qb3+ Ka8 26. Bf2 Rb8 27.
Qe3 Rb7 28. b4 Qc8 29. c4 Re8 30. Qb3 Re2 31. b5 Qe8 32. Qa4+ Kb8 33. Qa5 Bf6
34. Rd6 Be7 35. Ra6 Kc8 36. Ra8+ Rb8 37. Rxb8+ Kxb8 38. Qa7+ Kc8 39. Qa8+ Kd7
40. Qc6+ 1-0

[Event "Bad Woerishofen op"]
[Site "?"]
[Date "2000.??.??"]
[Round "7"]
[White "Malzer, Werner"]
[Black "Pohlers, Juergen"]
[Result "0-1"]
[WhiteElo "1852"]
[BlackElo "2136"]
[PlyCount "60"]
[EventDate "2000.??.??"]

1. e4 c5 2. Nf3 Nc6 3. d4 cxd4 4. Nxd4 Nf6 5. Nc3 e5 6. Nxc6 bxc6 7. Bc4 Bb4 8.
O-O O-O 9. Bd2 Bb7 10. f3 d5 11. exd5 cxd5 12. Bb3 a5 13. Na4 Bc6 14. c3 Bd6
15. Be3 Rb8 16. Rb1 h6 17. Kh1 Qe7 18. Re1 Rfe8 19. Nb6 Qb7 20. Na4 Qd7 21. Nc5
Qe7 22. Nd3 Qc7 23. Bc5 e4 24. Bxd6 Qxd6 25. Nf2 exf3 26. Rxe8+ Rxe8 27. Qxf3
a4 28. Bc2 d4 29. Qd3 Qd5 30. Rg1 Qxg2+ 0-1

[Event "Bad Woerishofen op"]
[Site "?"]
[Date "2000.??.??"]
[Round "9"]
[White "Malzer, Werner"]
[Black "Grotz, Stephan"]
[Result "0-1"]
[WhiteElo "1852"]
[BlackElo "2204"]
[PlyCount "142"]
[EventDate "2000.??.??"]

1. e4 c5 2. Nf3 g6 3. c3 Nc6 4. d4 cxd4 5. Nxd4 Bg7 6. Be3 d6 7. Nxc6 bxc6 8.
Bc4 Nf6 9. f3 O-O 10. O-O a5 11. Qc2 d5 12. Rd1 Be6 13. exd5 cxd5 14. Na3 Qc7
15. Bd3 Bd7 16. Nb5 Bxb5 17. Bxb5 e5 18. a4 d4 19. Bd2 Qc5 20. Kh1 e4 21. fxe4
Ng4 22. Rf1 dxc3 23. h3 Nf2+ 24. Rxf2 Qxf2 25. bxc3 Rac8 26. Rc1 Qg3 27. Be1
Qe3 28. c4 Bh6 29. Rb1 Rcd8 30. Bxa5 Rd4 31. Bc6 Bf4 32. Rb3 Qc1+ 33. Qxc1 Bxc1
34. Bd5 Rd1+ 35. Kh2 Bf4+ 36. g3 Bd6 37. Bb6 Kg7 38. a5 Rd2+ 39. Kg1 Rb8 40.
Rf3 f6 41. c5 Be5 42. c6 Rc2 43. Rf2 Rc3 44. Rg2 h5 45. h4 Bxg3 46. Rxg3 Rxg3+
47. Kf2 Rc3 48. c7 Rc8 49. Bb7 R3xc7 50. Bxc7 Rxc7 51. a6 Rc2+ 52. Ke3 Ra2 53.
Kd4 Ra5 54. Kc4 Kf8 55. Kb4 Ra1 56. Kb5 Ke7 57. Bd5 Kd6 58. Bf7 g5 59. hxg5
fxg5 60. Bxh5 Rb1+ 61. Kc4 Rb6 62. Kd4 Rb4+ 63. Kc3 Rxe4 64. Kb3 Re7 65. Kb4
Kc6 66. Bf3+ Kb6 67. Kc4 g4 68. Bg2 Kxa6 69. Kd3 Kb5 70. Be4 Kc5 71. Ke3 g3 0-1

[Event "Bad Woerishofen op"]
[Site "?"]
[Date "2000.??.??"]
[Round "2"]
[White "Mantzouneas, Nikolaos"]
[Black "Liszka, Guenter"]
[Result "1/2-1/2"]
[WhiteElo "2057"]
[BlackElo "1770"]
[PlyCount "102"]
[EventDate "2000.??.??"]

1. d4 d5 2. c4 e6 3. Nc3 Nf6 4. Nf3 Nbd7 5. e3 Be7 6. Bd3 O-O 7. O-O c6 8. e4
dxe4 9. Nxe4 Nxe4 10. Bxe4 Nf6 11. Bc2 b6 12. Qd3 Bb7 13. Bg5 g6 14. Rad1 Nd7
15. Bxe7 Qxe7 16. Rfe1 Rad8 17. a3 Qf6 18. Qe4 Ba8 19. Ne5 c5 20. Nxd7 Rxd7 21.
Qe5 Qxe5 22. dxe5 Rfd8 23. Rxd7 Rxd7 24. Rd1 Rxd1+ 25. Bxd1 a5 26. Bc2 Bc6 27.
Bd3 Kf8 28. h4 Kg7 29. f3 Bb7 30. Kf2 Bc6 31. Ke3 Ba4 32. Kf4 Bc6 33. h5 Ba4
34. hxg6 hxg6 35. Kg5 Bb3 36. g4 Bd1 37. f4 Bb3 38. f5 gxf5 39. gxf5 exf5 40.
Kxf5 Kf8 41. Kf6 Ke8 42. e6 fxe6 43. Kxe6 Kd8 44. Kd6 Ba4 45. Be4 Kc8 46. Bc6
Bb3 47. Bd5 Kb8 48. Kc6 Ka7 49. Kc7 Ba4 50. Bc6 Bb3 51. Bb5 Bd1 1/2-1/2

[Event "Bad Woerishofen op"]
[Site "?"]
[Date "2000.??.??"]
[Round "4"]
[White "Mantzouneas, Nikolaos"]
[Black "Schaller, Sven"]
[Result "0-1"]
[WhiteElo "2057"]
[BlackElo "2308"]
[PlyCount "70"]
[EventDate "2000.??.??"]

1. d4 d5 2. Nf3 e6 3. c4 Nf6 4. Nc3 Be7 5. Bg5 Nbd7 6. e3 O-O 7. Bd3 c5 8. cxd5
exd5 9. O-O b6 10. Ne5 Bb7 11. Nxd7 Qxd7 12. dxc5 bxc5 13. Qe2 Rfd8 14. Rfd1
Qe6 15. Qf3 g6 16. Rac1 Rab8 17. Qe2 Kg7 18. Qf1 Bc6 19. b3 Rb4 20. Be2 h6 21.
Bf4 d4 22. Nb1 Nd5 23. Bc4 Qf6 24. Bxd5 Rxd5 25. Bg3 Rf5 26. Qe1 dxe3 27. Qxe3
h5 28. Qc3 h4 29. Qxf6+ Bxf6 30. Bd6 Rg4 31. g3 hxg3 32. Bxg3 Bd4 33. Rd2 Rxg3+
34. hxg3 Rh5 35. Kf1 Bf3 0-1

[Event "Bad Woerishofen op"]
[Site "?"]
[Date "2000.??.??"]
[Round "6"]
[White "Mantzouneas, Nikolaos"]
[Black "Theuermeister, Peter"]
[Result "1/2-1/2"]
[WhiteElo "2057"]
[BlackElo "1752"]
[PlyCount "89"]
[EventDate "2000.??.??"]

1. d4 Nf6 2. c4 g6 3. Nc3 d5 4. Nf3 Bg7 5. cxd5 Nxd5 6. Bd2 O-O 7. e4 Nxc3 8.
Bxc3 c5 9. dxc5 Bxc3+ 10. bxc3 Qa5 11. Qb3 Qxc5 12. Qb4 Qc7 13. Be2 Nc6 14. Qb2
Bg4 15. O-O Rfd8 16. Rfd1 Rac8 17. Rxd8+ Rxd8 18. Rd1 Rc8 19. h3 Bxf3 20. Bxf3
Na5 21. Qb4 Nc6 22. Qa3 b6 23. h4 h5 24. g3 e6 25. Kg2 Na5 26. Rd3 Nc4 27. Qc1
Ne5 28. Re3 Rd8 29. Be2 Rd6 30. f4 Nc4 31. Rd3 Rxd3 32. Bxd3 Qc6 33. Kh2 Qc5
34. Bxc4 Qxc4 35. Qc2 b5 36. f5 Kg7 37. fxg6 fxg6 38. e5 Qc5 39. Qe2 a6 40. Kh3
Qg1 41. Qf3 Qc5 42. Qf6+ Kh7 43. Qf7+ Kh6 44. Qf4+ Kg7 45. Qf6+ 1/2-1/2

[Event "Bad Woerishofen op"]
[Site "?"]
[Date "2000.??.??"]
[Round "9"]
[White "Mantzouneas, Nikolaos"]
[Black "Sakowski, Christian"]
[Result "1/2-1/2"]
[WhiteElo "2057"]
[BlackElo "1723"]
[PlyCount "118"]
[EventDate "2000.??.??"]

1. d4 Nf6 2. c4 g6 3. Nc3 d5 4. Nf3 Bg7 5. cxd5 Nxd5 6. e4 Nxc3 7. bxc3 c5 8.
Be3 O-O 9. Rb1 cxd4 10. cxd4 Qa5+ 11. Qd2 Nc6 12. Qxa5 Nxa5 13. Be2 Bg4 14. O-O
Rac8 15. h3 Bxf3 16. Bxf3 e6 17. Rfc1 b6 18. e5 Nc4 19. Bb7 Rb8 20. Ba6 Nxe3
21. fxe3 Rfd8 22. Rc7 Ra8 23. Rf1 Rf8 24. Re7 Bh6 25. Rf3 Bg5 26. Rd7 Rad8 27.
Rxa7 Ra8 28. Rxa8 Rxa8 29. Bc4 Rc8 30. Bb3 Be7 31. Kf2 Bb4 32. Kg3 Rc7 33. Kf2
Re7 34. Ke2 Kf8 35. g4 h6 36. h4 Kg7 37. h5 g5 38. Kd3 Rc7 39. Ke4 Be7 40. d5
exd5+ 41. Bxd5 Bb4 42. Rf6 Bc5 43. Bb3 Re7 44. Bd5 Bxe3 45. Rxf7+ Rxf7 46. Bxf7
Bc5 47. Bc4 Ba3 48. Kd5 Bb4 49. a4 Bc3 50. Kd6 Kf8 51. Kc6 Bd4 52. Kd5 Bc3 53.
Ke6 Kg7 54. Kd6 Bd2 55. Kd7 Kf8 56. Ke6 Kg7 57. Ke7 Bb4+ 58. Kd7 Kf8 59. Kc6
Ba5 1/2-1/2

[Event "Bad Woerishofen op"]
[Site "Bad Woerishofen"]
[Date "2000.??.??"]
[Round "1"]
[White "Markus, John Raymond"]
[Black "Weiss, Hans"]
[Result "1-0"]
[WhiteElo "2215"]
[BlackElo "1810"]
[PlyCount "77"]
[EventDate "1998.03.05"]
[Source "ChessBase"]
[SourceDate "1998.04.29"]

1. d4 Nf6 2. Nf3 g6 3. Nc3 d5 4. Bf4 Bg7 5. e3 O-O 6. h3 b6 7. Qd2 Bb7 8. O-O-O
Ne4 9. Nxe4 dxe4 10. Ne5 Nd7 11. Nc4 Nf6 12. Be2 Rc8 13. Be5 e6 14. g4 Nd7 15.
Bxg7 Kxg7 16. h4 Qe7 17. h5 g5 18. h6+ Kg8 19. Kb1 Rfd8 20. Qc3 f6 21. Nd2 a5
22. f3 exf3 23. Bxf3 Bxf3 24. Nxf3 Nf8 25. e4 Ng6 26. Qe3 e5 27. dxe5 Nxe5 28.
Nxe5 Qxe5 29. Rdf1 Qe6 30. a3 Rd6 31. Rf5 Rcd8 32. b3 a4 33. e5 Rd5 34. bxa4
Rxe5 35. Rxe5 Qxe5 36. Qxe5 fxe5 37. Rh5 Re8 38. Rxg5+ Kh8 39. Kc1 1-0

[Event "Bad Woerishofen op"]
[Site "?"]
[Date "2000.??.??"]
[Round "3"]
[White "Markus, John Raymond"]
[Black "Vatter, Hans-Joachim"]
[Result "0-1"]
[WhiteElo "2215"]
[BlackElo "2362"]
[PlyCount "90"]
[EventDate "2000.??.??"]

1. d4 d6 2. Nf3 g6 3. e4 Bg7 4. Nc3 Nf6 5. h3 O-O 6. Be3 c6 7. Qd2 b5 8. Bd3 a5
9. Bh6 b4 10. Ne2 c5 11. Bxg7 Kxg7 12. e5 Ng8 13. dxc5 Bb7 14. Qe3 dxe5 15.
Nxe5 Qc7 16. O-O-O Rc8 17. Nc4 Nd7 18. Nb6 Nxb6 19. cxb6 Qc5 20. Qxc5 Rxc5 21.
f3 Rb8 22. Nd4 Bd5 23. Nb3 Bxb3 24. axb3 Rxb6 25. Bc4 Nf6 26. Rhe1 e6 27. g4 h5
28. Rd8 Rb7 29. Red1 Nh7 30. R1d6 Ng5 31. gxh5 gxh5 32. Ra8 Nxh3 33. Rda6 Nf4
34. Rxa5 Rxa5 35. Rxa5 f5 36. Kd2 Kf6 37. Ke3 e5 38. c3 h4 39. Ra8 Ng6 40. Kf2
bxc3 41. bxc3 Rd7 42. Ra2 Nf4 43. Ke3 h3 44. Bf1 Rd1 45. Bc4 Re1+ 0-1

[Event "Bad Woerishofen op"]
[Site "?"]
[Date "2000.??.??"]
[Round "5"]
[White "Markus, John Raymond"]
[Black "Neubauer, Ralf"]
[Result "1-0"]
[WhiteElo "2215"]
[BlackElo "2045"]
[PlyCount "73"]
[EventDate "2000.??.??"]

1. d4 d5 2. Nf3 Nf6 3. e3 Bg4 4. c4 dxc4 5. Bxc4 e6 6. Qb3 Bxf3 7. gxf3 Nbd7 8.
a3 Nb6 9. Bd3 g6 10. Bd2 Bg7 11. a4 a5 12. Na3 O-O 13. O-O Nfd7 14. Be4 c6 15.
f4 Qh4 16. Bg2 g5 17. fxg5 Qxg5 18. f4 Qe7 19. Nc2 f5 20. Kh1 Nd5 21. e4 fxe4
22. Bxe4 N7f6 23. Bg2 Nh5 24. f5 exf5 25. Ne3 Kh8 26. Nxf5 Qe2 27. Nxg7 Nxg7
28. Bh6 Rxf1+ 29. Rxf1 Ne6 30. Qg3 Rg8 31. Qe5+ Qxe5 32. dxe5 Rg6 33. Bd2 Nb4
34. Be4 Rg8 35. Rf7 Rg7 36. Rf6 Ng5 37. Rf8+ 1-0

[Event "Bad Woerishofen op"]
[Site "?"]
[Date "2000.??.??"]
[Round "8"]
[White "Markus, John Raymond"]
[Black "Kostic, Vladimir"]
[Result "0-1"]
[WhiteElo "2215"]
[BlackElo "2389"]
[PlyCount "64"]
[EventDate "2000.??.??"]

1. d4 Nf6 2. Nf3 e6 3. e3 b6 4. Bd3 Bb7 5. Nbd2 c5 6. O-O cxd4 7. exd4 Be7 8.
Re1 O-O 9. c4 d5 10. b3 Nc6 11. Bb2 Nb4 12. Bb1 Rc8 13. a3 Nc6 14. Ne5 dxc4 15.
Ndxc4 Nxe5 16. Nxe5 Qd5 17. f3 Rfd8 18. b4 Qd6 19. Bd3 a5 20. Nc4 Qc7 21. bxa5
bxa5 22. Qa4 Ba6 23. Rac1 Qb8 24. Rc2 Bb5 25. Qxa5 Bxc4 26. Bxc4 Rxc4 27. Rxc4
Qxb2 28. a4 Nd5 29. g3 Bf6 30. Re4 Qb3 31. Rc1 Qxf3 32. Qe1 Bg5 0-1

[Event "Bad Woerishofen op"]
[Site "?"]
[Date "2000.??.??"]
[Round "2"]
[White "Marotzke, Stefan"]
[Black "Schoettker, Jochen"]
[Result "0-1"]
[WhiteElo "1674"]
[BlackElo "1938"]
[PlyCount "78"]
[EventDate "2000.??.??"]

1. d4 d5 2. c4 e6 3. Nc3 c6 4. Nf3 dxc4 5. a4 Bb4 6. e3 b5 7. Bd2 a5 8. axb5
Bxc3 9. Bxc3 cxb5 10. b3 Bb7 11. bxc4 b4 12. Bb2 Nf6 13. Bd3 Nbd7 14. O-O O-O
15. Qc2 Bxf3 16. gxf3 Qc7 17. Kh1 e5 18. Rg1 Rfc8 19. Rg3 g6 20. Rag1 Nf8 21.
dxe5 Ne8 22. h4 Qe7 23. h5 Ra6 24. hxg6 fxg6 25. Be4 Ng7 26. Bd5+ Kh8 27. Qe4
Rc7 28. Kg2 a4 29. Rh1 a3 30. Bd4 b3 31. e6 Kg8 32. f4 Rxe6 33. f5 gxf5 34.
Qxf5 Qf7 35. Bxe6 Qxe6 36. Qxe6+ Nfxe6 37. c5 b2 38. Kf3 Nxd4+ 39. exd4 a2 0-1

[Event "Bad Woerishofen op"]
[Site "?"]
[Date "2000.??.??"]
[Round "4"]
[White "Marotzke, Stefan"]
[Black "Jacob, Konrad"]
[Result "1/2-1/2"]
[WhiteElo "1674"]
[BlackElo "2051"]
[PlyCount "49"]
[EventDate "2000.??.??"]

1. d4 c6 2. c4 d5 3. cxd5 cxd5 4. Bf4 Bf5 5. e3 Nd7 6. Nc3 e6 7. Nf3 a6 8. Qb3
Qb6 9. Qxb6 Nxb6 10. Be2 Rc8 11. O-O Nf6 12. Nh4 Bg6 13. Nxg6 hxg6 14. Rac1 Be7
15. h3 Nc4 16. b3 Nb6 17. Na4 Rxc1 18. Rxc1 Nxa4 19. Rc8+ Bd8 20. bxa4 Kd7 21.
Rb8 Kc6 22. Rc8+ Kd7 23. Rb8 Kc6 24. Rc8+ Kd7 25. Rb8 1/2-1/2

[Event "Bad Woerishofen op"]
[Site "?"]
[Date "2000.??.??"]
[Round "7"]
[White "Marotzke, Stefan"]
[Black "Braun, Erhard"]
[Result "0-1"]
[WhiteElo "1674"]
[BlackElo "1906"]
[PlyCount "96"]
[EventDate "2000.??.??"]

1. d4 Nf6 2. Bg5 e6 3. e4 Be7 4. e5 Nd5 5. Bxe7 Qxe7 6. c3 O-O 7. Nf3 d6 8. Bd3
f5 9. O-O Nb6 10. Nbd2 d5 11. Qe2 N8d7 12. b4 Na4 13. Rac1 c6 14. Nb3 a6 15.
Nc5 Naxc5 16. dxc5 Rf7 17. Nd4 Nf8 18. f4 g6 19. Rf3 Qc7 20. Rg3 b6 21. cxb6
Qxb6 22. Kh1 a5 23. bxa5 Qxa5 24. Nxc6 Qxa2 25. Re3 Rc7 26. Qxa2 Rxa2 27. Nb4
Ra3 28. Bf1 d4 29. Rf3 Bb7 30. Rd3 Raxc3 31. Rdxc3 Rxc3 32. Rxc3 dxc3 33. Na2
c2 34. Bd3 Be4 35. Bxe4 fxe4 36. Kg1 Nd7 37. Kf2 Nc5 38. Ke3 Nb3 39. Kxe4 c1=Q
40. Nxc1 Nxc1 41. g4 Nb3 42. f5 Kf7 43. Kf4 Nd4 44. fxg6+ Kxg6 45. h4 Ne2+ 46.
Kf3 Nc3 47. Kf4 Nd5+ 48. Kf3 h5 0-1